L'économie britannique

Guardado en:
Detalles Bibliográficos
Autor principal: Esposito, Marie-Claude
Formato: Libro
Lenguaje:francés
Publicado: Paris Presses Universitaires de France 1993
Colección:Que sais - je ? 1085
Materias:
Etiquetas: Agregar Etiqueta
Sin Etiquetas, Sea el primero en etiquetar este registro!

MARC

LEADER 00000nam$a2200000$$$4500
001 0115913
005 20240111124607.3
020 |a 2-13-045572-7 
041 0 |a fre 
044 |a FR 
245 1 0 |a L'économie britannique  |c Marie-Claude Esposito 
264 1 |a Paris  |b Presses Universitaires de France  |c 1993 
300 |a 127 s. 
490 1 |a Que sais - je ?  |v 1085 
830 0 |a Que sais - je ?  |v 1085 
610 2 0 |a situácia hospodárska 
610 2 0 |a hospodárstvo národné 
610 2 0 |a Veľká Británia 
100 1 |a Esposito, Marie-Claude